Library Catalog

Nico : (Record no. 492663)

MARC details
000 -LEADER
fixed length control field 00736nam a22002297a 4500
003 - CONTROL NUMBER IDENTIFIER
control field OSt
005 - DATE AND TIME OF LATEST TRANSACTION
control field 20260511120646.0
008 - FIXED-LENGTH DATA ELEMENTS--GENERAL INFORMATION
fixed length control field 260511b |||||||| |||| 00| 0 eng d
020 ## - INTERNATIONAL STANDARD BOOK NUMBER
International Standard Book Number 9780333651773
040 ## - CATALOGING SOURCE
Original cataloging agency Kenya National Library Service
Description conventions rda
082 ## - DEWEY DECIMAL CLASSIFICATION NUMBER
Classification number 641.5092 LAD
100 ## - MAIN ENTRY--PERSONAL NAME
Personal name Ladenis, Nico
Relator term author
245 ## - TITLE STATEMENT
Title Nico :
Remainder of title recipes and recollections from one of our most brilliant and controversial chiefs /
Statement of responsibility, etc. Nico Ladenis
300 ## - PHYSICAL DESCRIPTION
Extent 255 pages :
Other physical details colour illustrations, portraits ;
Dimensions 27 cm.
504 ## - BIBLIOGRAPHY, ETC. NOTE
Bibliography, etc. note Includes index
650 ## - SUBJECT ADDED ENTRY--TOPICAL TERM
Topical term or geographic name entry element Ladens, Nico
650 ## - SUBJECT ADDED ENTRY--TOPICAL TERM
Topical term or geographic name entry element Chef
Form subdivision Great Britain
General subdivision Biography
650 ## - SUBJECT ADDED ENTRY--TOPICAL TERM
Topical term or geographic name entry element Cokerly, French
942 ## - ADDED ENTRY ELEMENTS (KOHA)
Source of classification or shelving scheme Dewey Decimal Classification
Koha item type Books
Suppress in OPAC No

No items available.

© 2025, Kenya National Library Service | Designed & Maintained by Uvumbuzi Center